বাংলাদেশের রাষ্ট্র ভাষা। (Record no. 2926)
[ view plain ]
| 000 -LEADER | |
|---|---|
| fixed length control field | 00496nam a2200145Ia 4500 |
| 008 - FIXED-LENGTH DATA ELEMENTS--GENERAL INFORMATION | |
| fixed length control field | 151213s9999 xx 000 0 und d |
| 100 ## - MAIN ENTRY--PERSONAL NAME | |
| Personal name | মনসূর মূসা। |
| 245 ## - TITLE STATEMENT | |
| Title | বাংলাদেশের রাষ্ট্র ভাষা। |
| Statement of responsibility, etc. | মনসূর মূসা। |
| 250 ## - EDITION STATEMENT | |
| Edition statement | ১ম সং |
| 260 ## - PUBLICATION, DISTRIBUTION, ETC. (IMPRINT) | |
| Place of publication, distribution, etc. | ঢাকা |
| Name of publisher, distributor, etc. | বাংলা একাডেমী। |
| Date of publication, distribution, etc. | 1995 |
| 300 ## - PHYSICAL DESCRIPTION | |
| Extent | 4552 p. |
| 650 ## - SUBJECT ADDED ENTRY--TOPICAL TERM | |
| Topical term or geographic name as entry element | Bangla |
| 700 ## - ADDED ENTRY--PERSONAL NAME | |
| Personal name | মনসূর মূসা। |
No items available.
